000
00257nam a22001217a 4500
003
SGT
082
_a
823
_b
BOY
100
_a
BOYNE JONE
245
_a
THE BOY IN THE STRIPED PYJAMAS
260
_a
U.K
_b
VINTAGE BOOK
_c
2012
300
_a
223
942
_2
ddc
_c
BK
999
_c
33496
_d
33496